[Event "Mondariz op 9th"]
[Site "Mondariz Balneario"]
[Date "2011.08.27"]
[Round "6.4"]
[White "Sanchez Quiroga, Miguel Angel"]
[Black "Vicente, Joao Vasco Reis"]
[Result "0-1"]
[WhiteElo "2153"]
[BlackElo "1957"]
[PlyCount "146"]
[EventDate "2011.08.22"]
[EventType "swiss"]
[EventRounds "7"]
[EventCountry "ESP"]
[SourceTitle "EXT 2024"]
[Source "ChessBase"]
[SourceDate "2023.10.10"]
[SourceVersion "1"]
[SourceVersionDate "2023.10.10"]
[SourceQuality "1"]

1. e4 c5 2. Nf3 g6 3. d4 cxd4 4. Nxd4 Nc6 5. Nc3 Bg7 6. Be3 Nf6 7. Bc4 0-0 8. Bb3 d6 9. h3 Bd7 10. 0-0 Nxd4 11. Bxd4 Bc6 12. Qd3 a5 13. a3 a4 14. Ba2 Nd7 15. Bxg7 Kxg7 16. Qd4+ Kg8 17. Nd5 Bxd5 18. exd5 Qb6 19. Qxb6 Nxb6 20. Rfe1 Rfe8 21. Re4 Nd7 22. Rae1 Kf8 23. Rb4 Nc5 24. f4 Rec8 25. Re2 Rc7 26. Bc4 Nd7 27. c3 Ra5 28. Rd2 Nc5 29. Rd4 Rc8 30. g4 Rb8 31. Bb5 Rba8 32. Kg2 Nb3 33. Rd1 Nc5 34. g5 Rc8 35. h4 Rd8 36. h5 Kg7 37. Kf3 Rc8 38. Rdd4 Rca8 39. Kg3 Kf8 40. Kg4 Nb3 41. Rd1 Nc5 42. f5 Kg7 43. h6+ Kf8 44. f6 exf6 45. gxf6 Ne4 46. Rf1 Nc5 47. Re1 Rd8 48. Re7 Rc8 49. Kf4 Rd8 50. Kf3 Rc8 51. Kf4 Rd8 52. Rc7 Rda8 53. Kf3 Rd8 54. Kf4 Rda8 55. Bd7 Na6 56. Rbxb7 Nxc7 57. Rxc7 Rxd5 58. Rc4 Rc5 59. Rd4 d5 60. Bxa4 Rc4 61. Rxc4 dxc4 62. Bb5 Rb8 63. a4 Rb6 64. Kg5 Rb7 65. Kf4 Rb6 66. Kg5 Kg8 67. Bxc4 Rxb2 68. a5 Rc2 69. a6 Rxc3 70. Be2 Kf8 71. Kf4 Ke8 72. Bf3 Ra3 73. Bb7 Kd7 0-1

[Event "ESP-chT CECLUB Div2 Gp1"]
[Site "Padron"]
[Date "2011.08.13"]
[Round "5"]
[White "Sanchez Quiroga, Miguel Angel"]
[Black "Cenal Gutierrez, Ruben"]
[Result "1/2-1/2"]
[WhiteElo "2153"]
[BlackElo "2276"]
[PlyCount "44"]
[EventDate "2011.08.10"]
[EventType "team-swiss"]
[EventRounds "6"]
[EventCountry "ESP"]
[SourceTitle "CBM 143 Extra"]
[Source "ChessBase"]
[SourceDate "2011.08.29"]
[SourceVersion "1"]
[SourceVersionDate "2011.08.29"]
[SourceQuality "1"]
[WhiteTeam "Helmantica"]
[BlackTeam "Cultura Covadonga"]
[WhiteTeamCountry "ESP"]
[BlackTeamCountry "ESP"]

1. e4 c5 2. Nf3 e6 3. d4 cxd4 4. Nxd4 Nf6 5. Nc3 d6 6. f4 a6 7. Bd3 Qc7 8. 0-0 b5 9. Qe2 Nbd7 10. Kh1 Bb7 11. Bd2 Be7 12. b4 0-0 13. a4 bxa4 14. Nxa4 Rfe8 15. c4 Bf8 16. Nb3 Rab8 17. Rfc1 Qd8 18. Bc3 g6 19. Rf1 Bc8 20. c5 dxc5 21. Naxc5 e5 22. Bxa6 exf4 1/2-1/2

[Event "Benidorm op U2300 08th"]
[Site "Benidorm"]
[Date "2009.12.06"]
[Round "9"]
[White "Picazo Lopez, Juan Antonio"]
[Black "Sanchez Quiroga, Miguel Angel"]
[Result "1/2-1/2"]
[WhiteElo "2226"]
[BlackElo "2191"]
[PlyCount "73"]
[EventDate "2009.11.28"]
[EventType "swiss"]
[EventRounds "10"]
[EventCountry "ESP"]
[SourceTitle "CBM 133 Extra"]
[Source "ChessBase"]
[SourceDate "2010.01.05"]
[SourceVersion "1"]
[SourceVersionDate "2010.01.05"]
[SourceQuality "1"]

1. d4 f5 2. Bg5 g6 3. Nc3 d5 4. e3 Bg7 5. Bd3 c6 6. h4 Nh6 7. Bxh6 Bxh6 8. h5 Qd6 9. hxg6 hxg6 10. Nf3 Nd7 11. Qe2 e5 12. dxe5 Nxe5 13. Nxe5 Qxe5 14. g4 Bd7 15. gxf5 0-0-0 16. fxg6 d4 17. exd4 Qxd4 18. Rxh6 Rxh6 19. 0-0-0 Rh2 20. Qe7 Rxf2 21. Ne4 Rg2 22. Nd6+ Kc7 23. Nxb7 Qf4+ 24. Kb1 Re8 25. Qd6+ Qxd6 26. Nxd6 Re3 27. b3 Bg4 28. Nc4 Reg3 29. Re1 Rg1 30. Rxg1 Rxg1+ 31. Kb2 Bh5 32. Ne5 Kd6 33. Nc4+ Kd5 34. Ne3+ Ke5 35. Nc4+ Kd5 36. Ne3+ Ke5 37. Nc4+ 1/2-1/2

[Event "Malaga op 12th"]
[Site "Malaga"]
[Date "2009.07.15"]
[Round "6"]
[White "Sanchez Quiroga, Miguel Angel"]
[Black "Ladron de Guevara Pinto, Paolo"]
[Result "1/2-1/2"]
[WhiteElo "2191"]
[BlackElo "2141"]
[PlyCount "241"]
[EventDate "2009.07.11"]
[EventType "swiss"]
[EventRounds "9"]
[EventCountry "ESP"]
[SourceTitle "CBM 131 Extra"]
[Source "ChessBase"]
[SourceDate "2009.09.03"]
[SourceVersion "2"]
[SourceVersionDate "2009.09.16"]
[SourceQuality "1"]

1. e4 e6 2. d4 d5 3. Nd2 Nf6 4. e5 Nfd7 5. Bd3 c5 6. c3 Nc6 7. Ne2 cxd4 8. cxd4 f6 9. exf6 Nxf6 10. 0-0 Bd6 11. Nf3 0-0 12. Bf4 Bxf4 13. Nxf4 Ne4 14. Qc1 Qd6 15. Ne2 Bd7 16. Qe3 Nf6 17. Ne5 Nb4 18. Nc3 Nxd3 19. Qxd3 a6 20. Rfe1 Rae8 21. Re2 b5 22. a3 Re7 23. Rc1 Rc8 24. Rec2 Rc7 25. Qe3 Be8 26. Ne2 Rxc2 27. Rxc2 Rc7 28. Qc1 Rxc2 29. Qxc2 b4 30. Qc5 Qxc5 31. dxc5 bxa3 32. bxa3 Nd7 33. Nxd7 Bxd7 34. f4 Kf7 35. Kf2 Kf6 36. Ke3 e5 37. fxe5+ Kxe5 38. Nd4 g6 39. Nf3+ Ke6 40. Kd4 h6 41. Ne5 Be8 42. Nd3 g5 43. Nb4 Bb5 44. Nxd5 Bc6 45. Ne3 h5 46. g3 h4 47. Nc4 Kf5 48. Ne5 Bh1 49. a4 Bg2 50. a5 Bh1 51. c6 Ke6 52. c7 Bb7 53. Nf3 hxg3 54. hxg3 Kd6 55. Nxg5 Kxc7 56. Kc5 Bg2 57. Ne6+ Kd7 58. Nf4 Bf1 59. Nd5 Ke6 60. Nc7+ Kf5 61. Kb6 Kg4 62. Nxa6 Kxg3 63. Nc7 Kf4 64. Nb5 Ke5 65. a6 Bg2 66. a7 Bf3 67. Kc7 Bg2 68. Nd6 Ba8 69. Nb7 Ke6 70. Kb8 Kd7 71. Kxa8 Kc8 72. Nc5 Kc7 73. Nb3 Kc8 74. Nd2 Kc7 75. Ne4 Kc8 76. Nf6 Kc7 77. Nd5+ Kc8 78. Ne3 Kc7 79. Nc2 Kc8 80. Na3 Kc7 81. Nc4 Kc8 82. Na5 Kc7 83. Nc6 Kc8 84. Nd8 Kc7 85. Nf7 Kc8 86. Ne5 Kc7 87. Ng6 Kc8 88. Nf8 Kc7 89. Nd7 Kc8 90. Nb6+ Kc7 91. Na4 Kc8 92. Nc3 Kc7 93. Ne4 Kc8 94. Nf6 Kc7 95. Ne8+ Kc8 96. Nd6+ Kc7 97. Nc4 Kc8 98. Nb2 Kc7 99. Nd3 Kc8 100. Ne5 Kc7 101. Nc6 Kc8 102. Nb4 Kc7 103. Nc6 Kc8 104. Ne7+ Kc7 105. Ng6 Kc8 106. Nh8 Kc7 107. Ng6 Kc8 108. Nf4 Kc7 109. Ne2 Kc8 110. Nc3 Kc7 111. Ne4 Kc8 112. Nf6 Kc7 113. Ne4 Kc8 114. Nc5 Kc7 115. Nd7 Kc8 116. Ne5 Kc7 117. Nf7 Kc8 118. Ng5 Kc7 119. Ne4 Kc8 120. Nf6 Kc7 121. Nd7 1/2-1/2

[Event "Malaga op 12th"]
[Site "Malaga"]
[Date "2009.07.14"]
[Round "5"]
[White "Larino Nieto, David"]
[Black "Sanchez Quiroga, Miguel Angel"]
[Result "1-0"]
[WhiteElo "2455"]
[BlackElo "2191"]
[PlyCount "67"]
[EventDate "2009.07.11"]
[EventType "swiss"]
[EventRounds "9"]
[EventCountry "ESP"]
[SourceTitle "CBM 131 Extra"]
[Source "ChessBase"]
[SourceDate "2009.09.03"]
[SourceVersion "2"]
[SourceVersionDate "2009.09.16"]
[SourceQuality "1"]

1. e4 c5 2. Nc3 Nc6 3. g3 g6 4. Bg2 Bg7 5. d3 d6 6. f4 e6 7. Nf3 Nge7 8. 0-0 0-0 9. Be3 Nd4 10. Bf2 Rb8 11. Nxd4 cxd4 12. Ne2 Nc6 13. Qd2 Bd7 14. g4 f5 15. exf5 gxf5 16. gxf5 exf5 17. Ng3 Qf6 18. Nh5 Qg6 19. Nxg7 Qxg7 20. Kh1 Kh8 21. Rg1 Qf6 22. h3 Rg8 23. c3 Rg6 24. Kh2 dxc3 25. bxc3 Kg8 26. Bf3 Kf8 27. Bh5 Rxg1 28. Rxg1 Be6 29. Bf3 Ke7 30. d4 d5 31. c4 Kd6 32. Re1 Bf7 33. Re5 dxc4 34. d5 1-0

[Event "Malaga op 12th"]
[Site "Malaga"]
[Date "2009.07.13"]
[Round "4"]
[White "Sanchez Quiroga, Miguel Angel"]
[Black "Jimenez Capilla, Martin R"]
[Result "1-0"]
[WhiteElo "2191"]
[BlackElo "1984"]
[PlyCount "71"]
[EventDate "2009.07.11"]
[EventType "swiss"]
[EventRounds "9"]
[EventCountry "ESP"]
[SourceTitle "CBM 131 Extra"]
[Source "ChessBase"]
[SourceDate "2009.09.03"]
[SourceVersion "2"]
[SourceVersionDate "2009.09.16"]
[SourceQuality "1"]

1. e4 c5 2. Nf3 d6 3. d4 cxd4 4. Nxd4 Nf6 5. Nc3 g6 6. Bc4 Bg7 7. h3 0-0 8. Bb3 Nc6 9. Be3 Bd7 10. 0-0 Rc8 11. Re1 a6 12. f4 b5 13. a4 b4 14. Nd5 Nxd5 15. exd5 Nxd4 16. Bxd4 a5 17. Bxg7 Kxg7 18. Qd4+ Kg8 19. Re2 Rc5 20. Rae1 Re8 21. Kh2 Bc8 22. Bc4 Bb7 23. b3 Qc7 24. f5 f6 25. Bb5 e5 26. fxe6 Rxd5 27. Qxf6 Re7 28. Rf2 Rf5 29. Rxf5 gxf5 30. Qxf5 Rg7 31. Re2 Qe7 32. Bc4 d5 33. Bd3 Rg5 34. Qf4 d4 35. Rf2 Rg7 36. Qb8+ 1-0

[Event "Malaga op 12th"]
[Site "Malaga"]
[Date "2009.07.12"]
[Round "3"]
[White "Carlsson, Pontus"]
[Black "Sanchez Quiroga, Miguel Angel"]
[Result "1-0"]
[WhiteElo "2494"]
[BlackElo "2191"]
[PlyCount "52"]
[EventDate "2009.07.11"]
[EventType "swiss"]
[EventRounds "9"]
[EventCountry "ESP"]
[SourceTitle "CBM 131 Extra"]
[Source "ChessBase"]
[SourceDate "2009.09.03"]
[SourceVersion "2"]
[SourceVersionDate "2009.09.16"]
[SourceQuality "1"]

1. e4 c5 2. Nf3 e6 3. d4 cxd4 4. Nxd4 a6 5. Bd3 Qb6 6. c3 Nc6 7. Be3 Bc5 8. Nd2 Qxb2 9. Rc1 Ne5 10. Be2 Nf6 11. 0-0 Qb6 12. Kh1 Qc7 13. f4 Ng6 14. f5 Ne5 15. Qe1 Neg4 16. Bxg4 Nxg4 17. Bf4 e5 18. Qg3 h5 19. Bg5 f6 20. Bh4 b5 21. h3 Qb6 22. N4f3 Ne3 23. Qxg7 Rf8 24. Rfe1 Bb7 25. Qg6+ Ke7 26. Nxe5 Rg8 1-0

[Event "Cambados op 24th"]
[Site "Cambados"]
[Date "2008.08.04"]
[Round "4"]
[White "Sanchez Quiroga, Miguel Angel"]
[Black "Alonso Gonzalez, Fernando"]
[Result "1-0"]
[WhiteElo "2183"]
[BlackElo "1836"]
[PlyCount "81"]
[EventDate "2008.08.01"]
[EventType "swiss"]
[EventRounds "9"]
[EventCountry "ESP"]
[SourceTitle "CBM 125 Extra"]
[Source "ChessBase"]
[SourceDate "2008.09.01"]
[SourceVersion "1"]
[SourceVersionDate "2008.09.01"]
[SourceQuality "1"]

1. e4 e5 2. Nf3 Nc6 3. Bc4 Nf6 4. d3 d6 5. Ng5 d5 6. exd5 Na5 7. Nc3 Bb4 8. Bd2 0-0 9. Nge4 Nxc4 10. dxc4 Ng4 11. h3 Nf6 12. Qe2 Bf5 13. 0-0-0 Re8 14. Nxf6+ Qxf6 15. g4 Bd7 16. Ne4 Qe7 17. c3 Bd6 18. Bg5 Qf8 19. Rhg1 a5 20. h4 a4 21. h5 Be7 22. Be3 a3 23. b3 Bxg4 24. Rxg4 f5 25. Rg2 fxe4 26. Bh6 Bf6 27. Rdg1 Re7 28. Qxe4 Rf7 29. Be3 Rd8 30. h6 Rdd7 31. c5 g6 32. Kc2 Be7 33. b4 Qa8 34. Kb3 b5 35. cxb6 cxb6 36. Rxg6+ hxg6 37. Qxg6+ Kh8 38. Qxf7 Qxd5+ 39. Qxd5 Rxd5 40. Bxb6 e4 41. Bd4+ 1-0

[Event "Benidorm op U2300 06th"]
[Site "Benidorm"]
[Date "2007.12.08"]
[Round "9"]
[White "Garcia Moral Garcia, Jose Daniel"]
[Black "Sanchez Quiroga, Miguel Angel"]
[Result "1-0"]
[WhiteElo "2261"]
[BlackElo "2196"]
[PlyCount "71"]
[EventDate "2007.11.30"]
[EventType "swiss"]
[EventRounds "9"]
[EventCountry "ESP"]
[SourceTitle "CBM 121 Extra"]
[Source "ChessBase"]
[SourceDate "2008.01.10"]
[SourceVersion "1"]
[SourceVersionDate "2008.01.10"]
[SourceQuality "1"]

1. e4 c5 2. Nf3 e6 3. d4 cxd4 4. Nxd4 a6 5. Bd3 Qb6 6. Nb3 Qc7 7. f4 d6 8. Nc3 Nc6 9. Qf3 Nf6 10. g4 b5 11. Be3 Bb7 12. g5 Nd7 13. 0-0-0 Nb4 14. Kb1 Rc8 15. a3 Nc6 16. h4 b4 17. axb4 Nxb4 18. h5 d5 19. Bd4 Nxd3 20. cxd3 dxe4 21. dxe4 Bd6 22. Bxg7 Rg8 23. h6 Bxf4 24. Rhf1 e5 25. Rd3 Nb6 26. g6 fxg6 27. Rfd1 Ke7 28. Rd6 Qxd6 29. Rxd6 Kxd6 30. Na5 Ba8 31. Qd3+ Ke7 32. Qxa6 Nd7 33. Nd5+ Bxd5 34. exd5 Nc5 35. Qf6+ Kd7 36. Qf7+ 1-0

[Event "Cambados op 23rd"]
[Site "Cambados"]
[Date "2007.08.10"]
[Round "9"]
[White "Berbatov, Kiprian"]
[Black "Sanchez Quiroga, Miguel Angel"]
[Result "0-1"]
[WhiteElo "2096"]
[BlackElo "2198"]
[PlyCount "66"]
[EventDate "2007.08.02"]
[EventType "swiss"]
[EventRounds "9"]
[EventCountry "ESP"]
[SourceTitle "CBM 119 Extra"]
[Source "ChessBase"]
[SourceDate "2007.09.04"]
[SourceVersion "1"]
[SourceVersionDate "2007.09.04"]
[SourceQuality "1"]

1. e4 c6 2. d4 d5 3. e5 Bf5 4. Nc3 h5 5. Nf3 e6 6. Be3 Nd7 7. Qd2 Bb4 8. Be2 Ne7 9. 0-0 Qa5 10. Rfb1 b5 11. Ne1 Nb6 12. Nd3 Nc4 13. Qe1 Bxd3 14. cxd3 Nxe3 15. fxe3 Nf5 16. Bf3 Be7 17. a3 Bg5 18. b4 Qb6 19. Nd1 a5 20. Kf2 Be7 21. Qc3 g6 22. Ke2 Kd7 23. Qb2 Ra6 24. bxa5 Rxa5 25. a4 b4 26. Qb3 Rha8 27. Ra2 Qa7 28. Rba1 Qxd4 29. exd4 Nxd4+ 30. Ke3 Nxb3 31. Rb1 d4+ 32. Kf2 Nc5 33. Ke2 b3 0-1

[Event "Cambados op 23rd"]
[Site "Cambados"]
[Date "2007.08.09"]
[Round "8"]
[White "Sanchez Quiroga, Miguel Angel"]
[Black "Cebrian Ramos, Jose Luis"]
[Result "1-0"]
[WhiteElo "2198"]
[BlackElo "2056"]
[PlyCount "103"]
[EventDate "2007.08.02"]
[EventType "swiss"]
[EventRounds "9"]
[EventCountry "ESP"]
[SourceTitle "CBM 119 Extra"]
[Source "ChessBase"]
[SourceDate "2007.09.04"]
[SourceVersion "1"]
[SourceVersionDate "2007.09.04"]
[SourceQuality "1"]

1. e4 c5 2. Nf3 d6 3. d4 cxd4 4. Nxd4 Nf6 5. Nc3 a6 6. f4 e6 7. Bd3 Qc7 8. 0-0 Nc6 9. Nf3 Be7 10. Qe2 0-0 11. Kh1 Re8 12. e5 Nd7 13. Ng5 Nf8 14. exd6 Bxd6 15. f5 Ne5 16. f6 g6 17. Nce4 Nc6 18. Nxf7 Bxh2 19. Nfd6 Rd8 20. Kxh2 Rxd6 21. Nxd6 Qxd6+ 22. Kh1 Nd4 23. Bf4 Qxf4 24. Rxf4 Nxe2 25. Bxe2 Kf7 26. Rd1 Bd7 27. Bf3 Rc8 28. c3 Bc6 29. Rc4 Bxf3 30. Rxc8 Bxd1 31. Rc7+ Kxf6 32. Rxb7 Be2 33. b3 e5 34. c4 e4 35. Kg1 e3 36. Rb6+ Ne6 37. Rxa6 Ke5 38. Ra5+ Kd4 39. Rd5+ Ke4 40. a4 Bd3 41. a5 Nd4 42. Rd8 Ke5 43. a6 Be4 44. a7 Ne6 45. a8Q Bxa8 46. Rxa8 Kd4 47. Ra7 Kd3 48. Rd7+ Kc3 49. Re7 Nd4 50. Rxe3+ Kd2 51. Kf2 Nc2 52. Re2+ 1-0

[Event "Cambados op 23rd"]
[Site "Cambados"]
[Date "2007.08.03"]
[Round "2"]
[White "Manolache, Marius"]
[Black "Sanchez Quiroga, Miguel Angel"]
[Result "1-0"]
[WhiteElo "2528"]
[BlackElo "2198"]
[PlyCount "69"]
[EventDate "2007.08.02"]
[EventType "swiss"]
[EventRounds "9"]
[EventCountry "ESP"]
[SourceTitle "CBM 119 Extra"]
[Source "ChessBase"]
[SourceDate "2007.09.04"]
[SourceVersion "1"]
[SourceVersionDate "2007.09.04"]
[SourceQuality "1"]

1. d4 d5 2. c4 e6 3. Nf3 Nf6 4. Qc2 dxc4 5. e4 b5 6. b3 cxb3 7. axb3 c6 8. Bd2 a5 9. Bd3 Bb7 10. 0-0 Nbd7 11. Re1 Bb4 12. Nc3 Bxc3 13. Qxc3 b4 14. Qc2 h6 15. Bf4 0-0 16. Bd6 Re8 17. Qe2 Nf8 18. Bf4 Qb6 19. Be3 Ng4 20. Bd2 Ba6 21. Bxa6 Rxa6 22. Bxb4 Rea8 23. Bxf8 Kxf8 24. e5 h5 25. Qd3 g6 26. Ng5 Nh6 27. Nxe6+ fxe6 28. Qxg6 Nf7 29. Re4 Qxb3 30. Rf4 R6a7 31. Qxh5 Qc2 32. Qh8+ Ke7 33. Qf6+ Kf8 34. Qxe6 Re8 35. Qh6+ 1-0

[Event "Cullera op 26th"]
[Site "Cullera"]
[Date "2005.07.30"]
[Round "9.18"]
[White "Sanchez Quiroga, Miguel Angel"]
[Black "Roig Aguilar, Alejandro"]
[Result "1/2-1/2"]
[WhiteElo "2234"]
[BlackElo "2085"]
[PlyCount "89"]
[EventDate "2005.07.21"]
[EventType "swiss"]
[EventRounds "9"]
[EventCountry "ESP"]
[SourceTitle "CBM 107 Extra"]
[Source "ChessBase"]
[SourceDate "2005.09.01"]
[SourceVersion "1"]
[SourceVersionDate "2005.09.01"]
[SourceQuality "1"]

1. e4 c5 2. Nf3 Nc6 3. Bb5 g6 4. Bxc6 dxc6 5. d3 Bg7 6. h3 Nf6 7. Nc3 Nd7 8. Be3 e5 9. Qd2 h6 10. 0-0 Qe7 11. Nh2 Nf8 12. Ne2 Ne6 13. c3 b6 14. f4 exf4 15. Nxf4 Nxf4 16. Rxf4 Be6 17. d4 0-0-0 18. Qf2 cxd4 19. Bxd4 Bxd4 20. cxd4 Qd6 21. Rd1 Kb8 22. b3 h5 23. Rf6 Qe7 24. Qf4+ Qc7 25. Qf2 Qe7 26. Qf4+ Qc7 27. Qxc7+ Kxc7 28. Nf3 Rhe8 29. Kf2 Kb7 30. Rd2 Re7 31. Ke3 a5 32. Ne5 a4 33. bxa4 Ra8 34. Nxc6 Kxc6 35. d5+ Kc5 36. dxe6 Rxe6 37. Rxf7 Rxa4 38. Rc7+ Kb5 39. Rd4 Rxa2 40. g3 Ra1 41. Rc2 Re1+ 42. Re2 Rxe2+ 43. Kxe2 Kc5 44. Ke3 b5 45. Rd5+ 1/2-1/2

[Event "Cullera op 26th"]
[Site "Cullera"]
[Date "2005.07.29"]
[Round "8.15"]
[White "Picazo Lopez, Juan Antonio"]
[Black "Sanchez Quiroga, Miguel Angel"]
[Result "1-0"]
[WhiteElo "2116"]
[BlackElo "2234"]
[PlyCount "105"]
[EventDate "2005.07.21"]
[EventType "swiss"]
[EventRounds "9"]
[EventCountry "ESP"]
[SourceTitle "CBM 107 Extra"]
[Source "ChessBase"]
[SourceDate "2005.09.01"]
[SourceVersion "1"]
[SourceVersionDate "2005.09.01"]
[SourceQuality "1"]

1. d4 d5 2. c4 c6 3. Nc3 dxc4 4. e3 b5 5. a4 b4 6. Nb1 Ba6 7. Qc2 e6 8. Nf3 Nf6 9. Bxc4 Bxc4 10. Qxc4 Qd5 11. Nbd2 Nbd7 12. b3 Be7 13. Bb2 0-0 14. 0-0 c5 15. Rac1 Rac8 16. Rfd1 Qb7 17. Qd3 Rfd8 18. Qb1 cxd4 19. Rxc8 Rxc8 20. Nxd4 Nd5 21. Rc1 N7b6 22. Rxc8+ Qxc8 23. Qc2 Qxc2 24. Nxc2 Kf8 25. Kf1 g6 26. Ke2 Ke8 27. Kd3 Kd7 28. Nc4 Nxc4 29. Kxc4 Kc6 30. a5 f5 31. f3 f4 32. Bd4 fxe3 33. Bxe3 a6 34. Bd2 h5 35. Bxb4 Bd8 36. Bd2 Bc7 37. g3 h4 38. gxh4 Bxh2 39. b4 Bg3 40. Nd4+ Kd7 41. Bg5 Bc7 42. Nb3 Bd6 43. Nc5+ Bxc5 44. Kxc5 Kc7 45. Bd2 Nf6 46. Bf4+ Kd7 47. Be5 Nd5 48. b5 axb5 49. Kxb5 Ne7 50. Kb6 Nc6 51. a6 Nxe5 52. a7 Nc4+ 53. Kc5 1-0

[Event "Cullera op 26th"]
[Site "Cullera"]
[Date "2005.07.25"]
[Round "4.19"]
[White "Martinez Gil, Joaquin"]
[Black "Sanchez Quiroga, Miguel Angel"]
[Result "0-1"]
[WhiteElo "2060"]
[BlackElo "2234"]
[PlyCount "74"]
[EventDate "2005.07.21"]
[EventType "swiss"]
[EventRounds "9"]
[EventCountry "ESP"]
[SourceTitle "CBM 107 Extra"]
[Source "ChessBase"]
[SourceDate "2005.09.01"]
[SourceVersion "1"]
[SourceVersionDate "2005.09.01"]
[SourceQuality "1"]

1. e4 c6 2. d4 d5 3. Nd2 dxe4 4. Nxe4 Bf5 5. Ng3 Bg6 6. Bc4 e6 7. N1e2 Nf6 8. 0-0 Bd6 9. f4 0-0 10. f5 exf5 11. Nxf5 Bxf5 12. Rxf5 Nbd7 13. Bf4 Nb6 14. Bb3 Nbd5 15. Qd3 Nxf4 16. Nxf4 g6 17. Nxg6 hxg6 18. Rg5 Kg7 19. Bxf7 Rxf7 20. Qxg6+ Kf8 21. Re1 Be7 22. c3 c5 23. Qh6+ Ke8 24. Rxc5 Rc8 25. Rce5 Kd7 26. Qg6 Qf8 27. Qc2 Bd6 28. Ra5 a6 29. b4 Re8 30. Rb1 Qh6 31. Qf5+ Kc7 32. g3 Re2 33. h3 Qd2 34. Rc5+ Bxc5 35. Qxc5+ Kd7 36. Qf5+ Kd8 37. Qa5+ Ke8 0-1

[Event "Cullera op-A 25th"]
[Site "Cullera"]
[Date "2004.07.22"]
[Round "3"]
[White "Sanchez Quiroga, Miguel Angel"]
[Black "Castillo Martinez, Alberto"]
[Result "1-0"]
[WhiteElo "2242"]
[BlackElo "2120"]
[PlyCount "41"]
[EventDate "2004.07.??"]
[EventType "swiss"]
[EventRounds "9"]
[EventCountry "ESP"]
[SourceTitle "CBM 101 Extra"]
[Source "ChessBase"]
[SourceDate "2004.09.01"]
[SourceVersion "2"]
[SourceVersionDate "2004.09.01"]
[SourceQuality "1"]

1. e4 c5 2. Nf3 Nc6 3. d4 cxd4 4. Nxd4 d5 5. Nxc6 bxc6 6. exd5 Qxd5 7. Nc3 Qxd1+ 8. Nxd1 e5 9. Bc4 Nf6 10. 0-0 Bd6 11. Ne3 0-0 12. Rd1 Bc5 13. Bd2 Ne4 14. Ba5 Re8 15. Bc7 Kf8 16. Rd3 f5 17. f3 Nd2 18. Bd6+ Bxd6 19. Rxd6 Nxc4 20. Nxc4 Ba6 21. Ne3 1-0

[Event "Cullera op-A 25th"]
[Site "Cullera"]
[Date "2004.07.20"]
[Round "1"]
[White "Sanchez Quiroga, Miguel Angel"]
[Black "Selva Salvador, Antonio"]
[Result "1-0"]
[WhiteElo "2242"]
[BlackElo "2032"]
[PlyCount "35"]
[EventDate "2004.07.??"]
[EventType "swiss"]
[EventRounds "9"]
[EventCountry "ESP"]
[SourceTitle "CBM 101 Extra"]
[Source "ChessBase"]
[SourceDate "2004.09.01"]
[SourceVersion "2"]
[SourceVersionDate "2004.09.01"]
[SourceQuality "1"]

1. e4 e5 2. Nf3 f5 3. d4 fxe4 4. Nxe5 Nf6 5. Be2 d6 6. Nc4 c6 7. 0-0 d5 8. Ne5 Bd6 9. f3 exf3 10. Bxf3 0-0 11. Nc3 Nbd7 12. Re1 Qc7 13. Bf4 Ne4 14. Bxe4 Rxf4 15. Bxd5+ cxd5 16. Nxd5 Rxd4 17. Nxc7 Bxe5 18. Nxa8 1-0

[Event "Cullera op U2300 24th"]
[Site "Cullera"]
[Date "2003.07.20"]
[Round "4"]
[White "Sanchez Quiroga, Miguel Angel"]
[Black "Fenollar Jorda, Manuel"]
[Result "1-0"]
[WhiteElo "2243"]
[BlackElo "2234"]
[PlyCount "63"]
[EventDate "2003.07.17"]
[EventType "swiss"]
[EventRounds "9"]
[EventCountry "ESP"]
[SourceTitle "CBM 095 Extra"]
[Source "ChessBase"]
[SourceDate "2003.09.04"]
[SourceVersion "1"]
[SourceVersionDate "2003.09.04"]
[SourceQuality "1"]

1. e4 e5 2. Nf3 Nc6 3. Bc4 Bc5 4. c3 Nf6 5. d3 d6 6. Bb3 Bb6 7. 0-0 Bg4 8. Nbd2 Qd7 9. Nc4 Ne7 10. a4 c6 11. Nxb6 axb6 12. Bg5 h6 13. Bh4 g5 14. Bg3 Ng6 15. d4 Nxe4 16. dxe5 d5 17. c4 dxc4 18. Bxc4 Qxd1 19. Rfxd1 Ke7 20. Re1 Bxf3 21. gxf3 Nd2 22. Be2 Nb3 23. Ra3 Nc5 24. Bd1 Rhd8 25. e6 Nxe6 26. Rb3 Rxa4 27. Rxb6 Ra1 28. Rxb7+ Kf8 29. Rb8 Raxd1 30. Rxd1 Rxb8 31. Bxb8 Nh4 32. Rd3 1-0

[Event "Cullera op U2300 24th"]
[Site "Cullera"]
[Date "2003.07.18"]
[Round "2"]
[White "Selva Salvador, Antonio"]
[Black "Sanchez Quiroga, Miguel Angel"]
[Result "0-1"]
[WhiteElo "2080"]
[BlackElo "2243"]
[PlyCount "66"]
[EventDate "2003.07.17"]
[EventType "swiss"]
[EventRounds "9"]
[EventCountry "ESP"]
[SourceTitle "CBM 095 Extra"]
[Source "ChessBase"]
[SourceDate "2003.09.04"]
[SourceVersion "1"]
[SourceVersionDate "2003.09.04"]
[SourceQuality "1"]

1. d4 d5 2. Nf3 Nf6 3. g3 c6 4. Bg2 Bf5 5. 0-0 e6 6. b3 Nbd7 7. Bb2 Bd6 8. c4 0-0 9. Nc3 h6 10. Re1 Qe7 11. cxd5 exd5 12. e3 Rfe8 13. Rc1 Bb4 14. h3 Ne4 15. Nd2 Ndf6 16. Ndxe4 Nxe4 17. Qf3 Qe6 18. g4 Bg6 19. Re2 Bd6 20. Ree1 f5 21. Nxe4 dxe4 22. Qe2 Kh7 23. Qc4 Qd7 24. Qe2 Rf8 25. f4 exf3 26. Bxf3 Rae8 27. Qf2 Bb4 28. Bc3 Bxc3 29. Rxc3 f4 30. d5 cxd5 31. Bxd5 fxe3 32. Rcxe3 Qc7 33. R3e2 Rxf2 0-1

[Event "Medina del Campo op"]
[Site "Medina del Campo"]
[Date "2001.??.??"]
[Round "8"]
[White "Vidarte Morales, Arturo"]
[Black "Sanchez Quiroga, Miguel Angel"]
[Result "1-0"]
[WhiteElo "2385"]
[BlackElo "2232"]
[PlyCount "59"]
[EventDate "2001.10.30"]
[EventType "swiss"]
[EventRounds "9"]
[EventCountry "ESP"]
[SourceTitle "EXT 2003"]
[Source "ChessBase"]
[SourceDate "2002.11.25"]
[SourceVersion "1"]
[SourceVersionDate "2002.11.25"]
[SourceQuality "1"]

1. c4 f5 2. d4 Nf6 3. g3 g6 4. Bg2 Bg7 5. Nf3 0-0 6. 0-0 d6 7. Nc3 Qe8 8. d5 Na6 9. Rb1 Bd7 10. b3 c6 11. Bb2 Nc7 12. Qd2 h6 13. e3 Rb8 14. a4 Qf7 15. Nd4 e5 16. dxe6 Bxe6 17. Nxe6 Qxe6 18. Rbd1 Rbd8 19. Rfe1 Rfe8 20. e4 fxe4 21. Nxe4 Nxe4 22. Rxe4 Qf7 23. Rf4 Qe7 24. Bxg7 Qxg7 25. Rd4 Re6 26. b4 a6 27. h4 Kh8 28. Qd3 Qe5 29. Bh3 Rf6 30. Qd2 1-0